| 000 | 00509cam a22001691 4500 | ||
|---|---|---|---|
| 082 |
_a355.3 _bLIN _cD |
||
| 100 | 1 |
_aLindsell, W. G. _948781 |
|
| 245 | 1 | 0 | _aMilitary organization and administration. |
| 250 | _a29th rev. and enl. ed. | ||
| 260 |
_aAldershot [Eng.] _bGale & Polden, _c1938. |
||
| 300 |
_a274 p. _billus. _c19 cm. |
||
| 526 |
_a0 _b0 _c0 _d355_300000000000000_LIN |
||
| 650 | 0 |
_aMCE _9379 |
|
| 650 | 0 |
_aMilitary administration. _948621 |
|
| 700 | 1 |
_aBaker, J. R. Emerson. _948782 |
|
| 942 |
_2ddc _cBK |
||
| 999 |
_c552811 _d552811 |
||